| 000 | 01372nam a2200325 a 4500 | ||
|---|---|---|---|
| 001 | 991029368879706706 | ||
| 003 | ES-BaIT | ||
| 005 | 20251006131844.0 | ||
| 008 | 910807s1987 sp |||||| 000 ||spa|c | ||
| 017 | _aDL M. 25117-1987 | ||
| 020 | _a8420602698 | ||
| 035 | _a(ES-BaCBU).b17691199 | ||
| 035 | _a(OCoLC)805625515 | ||
| 040 |
_aES-BaCBU _bcat _cES-BaCBU |
||
| 080 | _a875-83"01" | ||
| 080 | _a875 | ||
| 100 | 0 |
_aLlucià, _daproximadament 120-aproximadament 190 _9150770 |
|
| 245 | 1 | 0 |
_aDiálogos de los dioses ; _bDiálogos de los muertos ; Diálogos marinos ; Diálogos de las cortesanas / _cLuciano de Samósata ; introducción, traducción y notas de Juan Zaragoza Botella |
| 260 |
_aMadrid : _bAlianza, _ccop. 1987 |
||
| 300 |
_a211 p. ; _c18 cm |
||
| 504 | _aReferències bibliogràfiques | ||
| 700 | 0 |
_aLlucià, _daproximadament 120-aproximadament 190. _tDiàlegs dels morts. _lCastellà _9167408 |
|
| 700 | 0 |
_aLlucià, _daproximadament 120-aproximadament 190. _tDiálogos marinos _9167409 |
|
| 700 | 0 |
_aLlucià, _daproximadament 120-aproximadament 190. _tDiálogos de las cortesanas _9167410 |
|
| 700 | 1 |
_aZaragoza, Juan, _d1921-2010 _9167411 |
|
| 830 |
_aEl Libro de bolsillo (Alianza). _pClásicos _v1269. _970415 |
||
| 907 |
_a.b17691199 _b19-03-20 _c07-05-08 _d07-08-91 _em _fa _g- _hspa _isp _j0 _k2 |
||
| 908 |
_aUdL _aUPF _aBC _aCLR |
||
| 942 |
_2udc _c1 |
||
| 999 |
_c136647 _d136647 |
||